000 00405cam a2200157ua 4500
003 OSt
008 250106b |||||||| |||| 00| 0 eng d
041 _aeng
082 _a621.3815
_bBAN/DE
100 _aBanerji, S S .
_96808
245 _aDesign and development of electronic instruments /
250 _a1 /
260 _a :
_bScientific Research Committee ,
_c1961.
300 _a26 ; .
942 _cBK
999 _c1974
_d1974